000 00244nam a22001097a 4500
082 _a793/KUM
100 _aKumar,Bhushan
_983512
245 _aRegional Folk Dance of India
260 _aDelhi
_bBooks World
_c2020
650 _aDance
942 _cBK
999 _c68452
_d68452